Evaluations for sustainable forest management (Registro nro. 2654)

Detalles MARC
000 -CABECERA
Campo de control 00804nam a2200229 a 4500
005 - FECHA Y HORA DE LA ULTIMA TRANSACCION
Campo de control 20191224041645.0
008 - ELEMENTOS DE LONGITUD FIJA—INFORMACION GENERAL
Campo de control 140306t2002 cr a gr|||| 00| 0 spa d
040 ## - FUENTE DE CATALOGACIÓN
Agencia catalogadora original CO-BoIAVH
Agencia transcriptora CO-BoIAVH
041 ## - IDIOMA
Código de idioma para texto/pista de sonido o título separado Español
044 ## - PAÍS DE PUBLICACIÓN
País de publicación Costa Rica
082 04 - NUMERO DE CLASIFICACION DECIMAL DEWEY
Número de clasificación 634.92097286
Número del ítem M14e
100 1# - ASIENTO PRINCIPAL--NOMBRE PERSONAL
Nombre personal McGinley, Kathleen
9 (RLIN) 16898
245 1# - MENCION DE TITULO
Título Evaluations for sustainable forest management
Parte restante del título towards a adaptive standard for the evaluation of the ecological sustainability of forest management in Costa Rica
260 ## - PUBLICACION, DISTRIBUCION, ETC. (PIE DE IMPRENTA)
Lugar de publicación, distribución, etc. Turrialba
Nombre del editor, distribuidor, etc. CATIE
Fecha de publicación, distribución, etc. 2002
300 ## - DESCRIPCION FISICA
Extensión 74 paginas.:
Otros detalles físicos ilustraciones .;
Dimensiones 23 x 16 cm.
650 #4 - ASIENTO SECUNDARIO DE MATERIA - TERMINO TEMATICO
Término temático o nombre geográfico como elemento de entrada Bosques tropicales
9 (RLIN) 58654
650 #4 - ASIENTO SECUNDARIO DE MATERIA - TERMINO TEMATICO
Término temático o nombre geográfico como elemento de entrada Manejo forestal sostenible
9 (RLIN) 9347
650 #4 - ASIENTO SECUNDARIO DE MATERIA - TERMINO TEMATICO
Término temático o nombre geográfico como elemento de entrada Evaluación de sostenibilidad
9 (RLIN) 16900
662 ## - ASIENTO SECUNDARIO DE MATERIA - JERARQUIA DEL NOMBRE DE LUGAR(
País o entidad mayor Costa Rica
700 1# - ASIENTO SECUNDARIO - NOMBRE PERSONAL
Nombre personal Finegan, Bryan
9 (RLIN) 14479
942 ## - ELEMENTOS ADICIONALES (KOHA)
Tipo de ítem Libro
Sistema de clasificación Dewey Decimal Classification
Existencias
Withdrawn status Lost status Sistema de Clasificación Damaged status No para préstamo Colección Inventariado Ubicación Permanente Ubicación actual Fecha de adquisición Fuente de Valor Valor Total Checkouts Número topográfico Inventario / Código de Barras Date last seen Ejemplar Price effective from Forma de adquisición Tipo de material
    Dewey Decimal Classification     General Inventariado 2017 Bogotá Bogotá 06/06/2002 Instituto 50000.00   LB-634.92097286 M14e 003245 04/12/2012 Ej. 1 04/12/2012   Libro